| 000 | 00418pab a2200157 454500 | ||
|---|---|---|---|
| 008 | 180718b1998 xxu||||| |||| 00| 0 eng d | ||
| 100 | _aAkio-Kamiko | ||
| 245 | _aRecent trends toward decentralization in Japan | ||
| 260 | _c1998 | ||
| 300 | _ap.192-98 | ||
| 362 | _aJan-Dec | ||
| 650 | _aDecentralization - Japan | ||
| 650 | _aDecentralization | ||
| 773 | _aAsian Review of Public Administration | ||
| 909 | _a43620 | ||
| 999 |
_c43620 _d43620 |
||